| 000 | 00533ntaaa2200193 4500 | ||
|---|---|---|---|
| 003 | 01 | ||
| 005 | 20251027202931.0 | ||
| 008 | 0714s1973 ag 01 | ||
| 040 |
_aAR-BaBN _bspa _cAR-BaBN _eaacr _dRIC |
||
| 082 | _a922.6730 R36 | ||
| 100 |
_aThompson, Evelyn Wingo _929978 |
||
| 245 | _aLuther Rice (1783-1836) | ||
| 250 | _a1 ed. | ||
| 260 |
_aNashville : _bBroadman Press, _cc1967 |
||
| 300 | _a234 p | ||
| 500 | _aBiografĂa del fundador de misiones modernas de los bautistas | ||
| 650 | _aRice, Luther (1783-1836) | ||
| 942 | _cBK | ||
| 999 |
_c24624 _d24624 |
||